000 00575nam a2200217Ia 4500
003 GCL
008 140319s9999 xx 000 0 ara d
040 _aGCL /
_cGCL
082 0 4 _a618.2
_bف ح
100 1 _aفاريللى، جورج
245 1 0 _aالحمل والولادة /
_cفاريللى، جورج
700 1 _aموزر , ان مارى
700 1 _aمعصومة المبارك
700 1 _aاقبال الفرادى
300 _a908 ص
490 _a
650 0 4 _aالنساء
650 0 4 _aالحمل
650 0 4 _aالولادة
942 _2ddc
_cBK
999 _c44202
_d44202